|
|
|
|
| LEADER |
01254nab#a2200325#ar4500 |
| 001 |
000076813 |
| 003 |
SVKKK |
| 005 |
20070712102530.0 |
| 008 |
060725c xo e huno |
| FMT |
|
|
|
| 038 |
|
|
|a SVKKK
|
| 040 |
|
|
|a SVKKK
|b slo
|e AACR2
|
| 041 |
0 |
|
|a hun
|
| 044 |
|
|
|a xo
|c SK
|
| 080 |
|
|
|a 373.5
|2 1997
|
| 080 |
|
|
|a 929 Andráši, Július
|2 1997
|
| 242 |
1 |
0 |
|a Meštianska škola v Sečovciach
|
| 245 |
0 |
0 |
|a Polgári iskola Gálszécsen
|
| 520 |
2 |
|
|a Správa o rozhodnutí ľudového zhromaždenia v Sečovciach získať pre mesto meštiansku školu. Deputáciu k ministrovi školstva povedie poslanec - gróf Július Andráši (Gyula Andrássy)
|
| 600 |
1 |
4 |
|a Andráši, Július,
|c ml.,
|d 1860-1929,
|x gróf, politik, veľkostatkár
|z Trebišov (Slovensko)
|x rodák
|z Trebišov (Slovensko), Budapešť (Maďarsko)
|x pôsobenie
|x na čele deputácie k ministrovi školstva
|y 1906
|
| 650 |
0 |
4 |
|a meštianska škola
|x návrh na zriadenie
|z Sečovce (Slovensko)
|y 1906
|
| 773 |
0 |
|
|t Felső-Zemplén : Társadalmi hetilap
|g Roč. 11, č. 25 (14.06.1906), s. 2
|
| 957 |
|
|
|a 811
|
| 958 |
|
|
|a DG
|
| 958 |
|
|
|a HU
|
| 974 |
|
|
|a Ba
|
| 992 |
|
|
|a RBX
|
| 997 |
|
|
|a Andrássy, Gyula p. Andráši, Július
|d Gálszécs p. Sečovce
|
| BAS |
|
|
|
| 998 |
|
|
|a RETRO
|